Statistiques concernant Paroles - Une autre histoire - Gérard Blanc

Cliquez ici pour prendre le quiz!

Statistiques générales

  • Ce quiz a été pris 85 fois
  • Le résultat moyen est 181 sur 242

Statistiques - réponses

Paroles% Correct
a
100%
autre
98%
histoire
98%
un
98%
Et
95%
et
95%
une
95%
de
93%
C'est
92%
c'est
92%
on
92%
On
92%
ça
90%
le
88%
démarre
85%
85%
Qui
83%
qui
83%
la
81%
les
81%
se
81%
Des
80%
des
80%
Mais
80%
nous
80%
tout
80%
En
78%
Pour
76%
Comme
75%
oublie
75%
tous
73%
Tous
73%
pas
71%
Je
69%
jours
69%
dans
68%
Elle
68%
nuits
68%
vie
68%
toi
66%
bateaux
63%
dit
63%
fois
63%
hasard
63%
recommence
63%
avancer
61%
j'imagine
61%
m'fait
61%
mots
61%
silence
61%
touchés
61%
comment
59%
coulés
59%
dansent
59%
d'exister
59%
encore
59%
musiques
59%
nouveau
59%
n'sais
59%
s'est
59%
barrages
58%
du
58%
j'ai
58%
naufrages
58%
peur
58%
plus
58%
d'aimer
56%
départ
56%
passé
56%
pourquoi
56%
cachaient
54%
vérité
54%
changé
53%
chose
53%
faire
53%
laissant
53%
prend
53%
Quelque
53%
sont
51%
neuf
49%
nuages
49%
déchaînés
42%
vents
42%
soleil
41%
couché
39%
empêchait
37%
pardonner
37%
large
36%
mirages
34%
gens
31%

Distribution des résultats

Percentile par nombre de réponses

% des personnes avec chaque résultat

Votre développement - résultats

Vous n’avez pas pris ce quiz